000
00285nam a22001217a 4500
008
180803b xxu||||| |||| 00| 0 eng d
082
_a
813.52
245
_a
Peachtree complete accounting
_c
PEARSON
260
_c
2004
300
_a
1
_f
CD
440
_x
9780131497931
942
_2
ddc
_c
MX
999
_c
46774
_d
46774